000 00291nam a22001337a 4500
008 170511b xxu||||| |||| 00| 0 eng d
020 _a0314230580
041 _aeng
080 _22ND
_a34
100 _a15
101 _aSHJ
245 _aCONSTITUTIONAL LAW
_cFARBER, D.A
942 _2udc
_cBK
999 _c13209
_d13209